|
|
|
|
| LEADER |
00000nab a2200000 a 4500 |
| 001 |
vtls008876878 |
| 003 |
SK-MaSNL |
| 005 |
20260304140718.0 |
| 008 |
250505c2005 xo 0 slo |
| 015 |
|
|
|a SNBCL2005/5
|
| 035 |
|
|
|a SLK036262
|
| 035 |
|
|
|a urn:nbn:sk:snk-abypr
|
| 035 |
|
|
|a (urnnbn)urn:nbn:sk:snk:ar-a04kmj
|
| 035 |
|
|
|a (uuid)60a7c369-4e95-421e-98a4-7711b3fff001
|
| 040 |
|
|
|a SNKBUCL
|b slo
|c SNKBUCL
|e AACR2
|
| 041 |
0 |
|
|a slo
|
| 044 |
|
|
|a xo
|c SK
|
| 080 |
|
|
|a 616-083:17
|2 1981
|
| 100 |
1 |
|
|a Vörösová, Gabriela,
|d 1953-
|4 aut
|9 12123
|
| 245 |
1 |
0 |
|a Etika dialógu vo vzťahu sestra - pacient v procese rozhodovania
|c Gabriela Vörösová, Erika Krištofová, Iveta Nádaská
|
| 504 |
|
|
|a Bibliogr. odkazy
|
| 650 |
0 |
7 |
|a vzťahy ošetrovateľka-pacient
|x etika
|2 MESH
|9 868142
|
| 650 |
0 |
7 |
|a ošetrovateľská etika
|2 MESH
|9 113271
|
| 650 |
0 |
7 |
|a rozhodovanie (psychológia)
|x etika
|2 MESH
|9 1457464
|
| 650 |
0 |
7 |
|a komunikácia
|2 MESH
|9 1362
|
| 650 |
0 |
7 |
|a práva pacientov
|2 MESH
|9 4057
|
| 700 |
1 |
|
|a Krištofová, Erika,
|d 1960-
|4 aut
|9 188815
|
| 700 |
1 |
|
|a Nádaská, Iveta
|4 aut
|9 71209
|
| 773 |
0 |
|
|t Ošetrovateľstvo a pôrodná asistencia
|g Roč. 3, č. 5 + suplementum (2005), príl. Supl. s. VI-VII
|x 1336-183X
|
| 850 |
|
|
|a Slovenská národná knižnica
|
| 852 |
|
|
|a Slovenská národná knižnica
|
| 954 |
|
|
|a odborná, vedecká literatúra pôvodná (slovenská)
|2 lita
|
| 958 |
|
|
|a article27
|
| 958 |
|
|
|a OND
|
| 958 |
|
|
|a EUIPO
|
| 999 |
|
|
|c 2916277
|d 2918207
|